00337nam a22001337a 4500003000400000020001800004082001800022100002300040245005900063250000800122260004600130300001000176650001700186SGT a9780867157307 a617.525bC19L a Laskin, Daniel M. aClinician's Handbook of Oral and Maxillofacial Surgery a2ND aNEW DELHI bQuintessence Publisher c2019 a1-612 aORAL SURGERY